Normal view
MARC view
- BANERJEE, UTPAL K
Entry Personal Name
001 - CONTROL NUMBER
- control field: 60764
003 - CONTROL NUMBER IDENTIFIER
- control field: NUST
005 - DATE AND TIME OF LATEST TRANSACTION
- control field: 20210628202621.0
008 - FIXED-LENGTH DATA ELEMENTS
- fixed length control field: 210628|| aca||aabn | a|a d
040 ## - CATALOGING SOURCE
- Original cataloging agency: NUST
- Transcribing agency: NUST
100 ## - HEADING--PERSONAL NAME
- Personal name: BANERJEE, UTPAL K
670 ## - SOURCE DATA FOUND
- Source citation: Work cat.: (NUST): BANERJEE, UTPAL K, COMPUTER MANAGEMENT AND PLANNING , 1987
